Canal Corporeo (Record no. 272)

MARC details
000 -LEADER
campo de control de longitud fija 00482 a2200145 4500
082 ## - NÚMERO DE LA CLASIFICACIÓN DECIMAL DEWEY
Número de clasificación 708
Número de ítem R532c
100 ## - ENTRADA PRINCIPAL--NOMBRE DE PERSONA
Nombre de persona Richmond, Mariela y Velaszquez, Paulina
9 (RLIN) 1251
110 ## - ENTRADA PRINCIPAL--NOMBRE DE ENTIDAD CORPORATIVA
Nombre de entidad corporativa o nombre de jurisdicción como elemento de entrada La Camara Espacio de Accion Contemporanea
9 (RLIN) 1252
245 ## - MENCIÓN DEL TÍTULO
Título Canal Corporeo
Resto del título Catalogo de proceso
260 ## - PUBLICACIÓN, DISTRIBUCIÓN, ETC.
Lugar de publicación, distribución, etc. San Jose, Costa Rica
Nombre del editor, distribuidor, etc. Municipalidad de San Jose
Fecha de publicación, distribución, etc. 2013
300 ## - DESCRIPCIÓN FÍSICA
Extensión 22 p
Otras características físicas il (col)
Dimensiones 21 cm
650 ## - PUNTO DE ACCESO ADICIONAL DE MATERIA--TÉRMINO DE MATERIA
Término de materia o nombre geográfico como elemento de entrada Arte
Subdivisión general Catalogo
9 (RLIN) 1253
700 ## - ENTRADA AGREGADA--NOMBRE PERSONAL
Nombre de persona Mariela Richmond
9 (RLIN) 1254
700 ## - ENTRADA AGREGADA--NOMBRE PERSONAL
Nombre de persona Paulina Velaszquez
9 (RLIN) 1255
Holdings
Estatus retirado Estado de pérdida Fuente del sistema de clasificación o colocación Estado de daño No para préstamo Biblioteca de origen Biblioteca actual Ubicación en estantería Fecha de adquisición Total de préstamos Signatura topográfica completa Código de barras Visto por última vez Precio de reemplazo Tipo de ítem Koha
    Clasificación Decimal Dewey     Biblioteca LadoV Biblioteca LadoV   14/08/2014   708 R532c 003996 14/08/2014 14/08/2014 Material 01